[Event "Omnium de Montreal"]
[Site "Montreal CAN"]
[Date "2003.08.30"]
[Round "2"]
[White "Gilbert, Erick"]
[Black "McDonough, Jonathan"]
[Result "0-1"]
[WhiteElo "1947"]
[BlackElo "2118"]
[PlyCount "68"]
[EventDate "2003.08.29"]
[EventType "swiss"]
[EventRounds "5"]
[EventCountry "CAN"]

1. Nf3 e6 2. d4 Nf6 3. e3 b6 4. Bd3 Bb7 5. Nbd2 d5 6. O-O Bd6 7. b3 Nbd7 8. Bb2
Qe7 9. Ne5 O-O 10. f4 Ne4 11. Nxd7 Qxd7 12. Nf3 f6 13. Rc1 c5 14. Bxe4 dxe4 15.
dxc5 exf3 16. Qxd6 Qf7 17. Rfd1 bxc5 18. Ba3 Qg6 19. Qxe6+ Kh8 20. Qh3 Rfd8 21.
f5 Qe8 22. Bxc5 Rxd1+ 23. Rxd1 Qb5 24. Bd4 Qe2 25. Rf1 fxg2 26. Ra1 Qxc2 27.
Qh5 Rc8 28. Qd1 Qxf5 29. Bxa7 h6 30. Bd4 Rc2 31. Qe1 Ba6 32. a3 Re2 33. Qg3 Ra2
34. Rc1 Qf1+ 0-1

[Event "Omnium de Montreal"]
[Site "Montreal CAN"]
[Date "2003.08.30"]
[Round "2"]
[White "Gravel, Simon M"]
[Black "Poirier, Erik"]
[Result "1-0"]
[WhiteElo "2256"]
[BlackElo "2005"]
[PlyCount "63"]
[EventDate "2003.08.29"]
[EventType "swiss"]
[EventRounds "5"]
[EventCountry "CAN"]

1. e4 c5 2. Nf3 d6 3. Nc3 Nf6 4. g3 g6 5. Bg2 Bg7 6. O-O O-O 7. d3 Nc6 8. h3
Rb8 9. a4 a6 10. Be3 b5 11. axb5 axb5 12. e5 Nxe5 13. Nxe5 dxe5 14. Bxc5 Bb7
15. Ra7 Bxg2 16. Kxg2 b4 17. Ne4 Qd5 18. Bxe7 Nxe4 19. dxe4 Qxe4+ 20. f3 Qe3
21. Qd7 e4 22. Bxf8 exf3+ 23. Rxf3 Qe2+ 24. Rf2 Qe4+ 25. Kh2 Rxf8 26. h4 Be5
27. Qe7 Qe3 28. Rg2 Qd4 29. Rb7 Bd6 30. Rd7 Bxe7 31. Rxd4 Rb8 32. Rd3 1-0

[Event "Omnium de Montreal"]
[Site "Montreal CAN"]
[Date "2003.08.30"]
[Round "2"]
[White "Pitre, Francois"]
[Black "Feoktistov, Dmitri"]
[Result "1/2-1/2"]
[WhiteElo "1961"]
[BlackElo "2294"]
[PlyCount "57"]
[EventDate "2003.08.29"]
[EventType "swiss"]
[EventRounds "5"]
[EventCountry "CAN"]

1. d4 Nf6 2. Nf3 e6 3. Nbd2 d5 4. e3 c5 5. c3 Nc6 6. Ne5 Qc7 7. f4 a6 8. Bd3 b5
9. O-O Bb7 10. Qf3 O-O-O 11. a3 c4 12. Bc2 Ne8 13. e4 f6 14. Nxc6 Bxc6 15. e5
f5 16. Rf2 g6 17. Nf1 Rd7 18. b3 a5 19. b4 Qb6 20. Be3 Ra7 21. Qd1 Rg8 22. Qb1
Rgg7 23. Bd1 Ra6 24. Rb2 Rga7 25. Raa2 Qb8 26. Rf2 Qa8 27. Rab2 axb4 28. axb4
Ra3 29. Qc2 1/2-1/2

[Event "Omnium de Montreal"]
[Site "Montreal CAN"]
[Date "2003.08.30"]
[Round "2"]
[White "Voskanyan, Vahagn"]
[Black "Moisan-Plante, Marc-Olivier"]
[Result "1-0"]
[WhiteElo "2293"]
[BlackElo "2075"]
[PlyCount "75"]
[EventDate "2003.08.29"]
[EventType "swiss"]
[EventRounds "5"]
[EventCountry "CAN"]

1. d4 d5 2. c4 e6 3. Nc3 c6 4. e4 dxe4 5. Nxe4 Bb4+ 6. Nc3 c5 7. a3 Ba5 8. Be3
Nf6 9. Nge2 cxd4 10. Nxd4 Bxc3+ 11. bxc3 O-O 12. Be2 Bd7 13. Qb3 e5 14. Nb5 Nc6
15. Rd1 b6 16. c5 Qe7 17. cxb6 axb6 18. c4 Bg4 19. f3 Bd7 20. O-O Nd4 21. Qb2
Bxb5 22. cxb5 Qxa3 23. Bxd4 exd4 24. Qxd4 Rfe8 25. Ra1 Qxa1 26. Rxa1 Rxa1+ 27.
Qxa1 Rxe2 28. f4 Kf8 29. Qd4 Ng4 30. Kf1 Re6 31. Qd8+ Re8 32. Qd6+ Re7 33. h3
Ne3+ 34. Kf2 Nc4 35. Qc6 Nd2 36. Qxb6 f5 37. Qd8+ Kf7 38. Qxd2 1-0

[Event "Omnium de Montreal"]
[Site "Montreal CAN"]
[Date "2003.08.30"]
[Round "3"]
[White "Beaulieu, Eric"]
[Black "Rodriguez, Herver"]
[Result "1-0"]
[WhiteElo "2251"]
[BlackElo "1826"]
[PlyCount "65"]
[EventDate "2003.08.29"]
[EventType "swiss"]
[EventRounds "5"]
[EventCountry "CAN"]

1. d4 g6 2. c4 Bg7 3. Nc3 d6 4. e4 Nf6 5. h3 O-O 6. Bg5 h6 7. Be3 e5 8. Nge2
Nc6 9. d5 Ne7 10. g4 Ne8 11. Qd2 Kh7 12. Ng3 f5 13. exf5 gxf5 14. gxf5 Nxf5 15.
Bd3 Qh4 16. Nxf5 Bxf5 17. Bxf5+ Rxf5 18. Qd3 Qh5 19. Ne4 Qf3 20. Ng3 e4 21.
Qxe4 Qxe4 22. Nxe4 Nf6 23. Ng3 Re5 24. Kd2 b5 25. Bd4 Rg5 26. b3 h5 27. Rae1
bxc4 28. bxc4 c6 29. Re7 Kg6 30. Rxg7+ Kxg7 31. Ne4 Re5 32. Rg1+ Kf7 33. Nxd6+
1-0

[Event "Omnium de Montreal"]
[Site "Montreal CAN"]
[Date "2003.08.30"]
[Round "3"]
[White "Hua, Lefong"]
[Black "Bolduc, Steve"]
[Result "0-1"]
[WhiteElo "2351"]
[BlackElo "2260"]
[PlyCount "98"]
[EventDate "2003.08.29"]
[EventType "swiss"]
[EventRounds "5"]
[EventCountry "CAN"]

1. d4 d5 2. Nf3 Nf6 3. c4 dxc4 4. e3 e6 5. Bxc4 a6 6. a4 c5 7. O-O Nc6 8. Nc3
Be7 9. Qe2 cxd4 10. Rd1 O-O 11. exd4 Nb4 12. Ne5 b6 13. Bg5 Nfd5 14. Nxd5 exd5
15. Bxd5 Nxd5 16. Nc6 Bxg5 17. Nxd8 Rxd8 18. g3 a5 19. h4 Bf6 20. Qf3 Bb7 21.
Qg4 Rac8 22. Rac1 Rxc1 23. Rxc1 h6 24. Qe4 Ba8 25. Qg4 Ne7 26. Qf4 Nc6 27. d5
Nd4 28. Kf1 Bxd5 29. Qc7 Be6 30. Kg2 Nb3 31. Rc2 Rc8 32. Qxc8+ Bxc8 33. Rxc8+
Kh7 34. Rb8 Bd4 35. Kf3 g6 36. Ke2 Bc5 37. Rb7 Kg7 38. g4 h5 39. gxh5 gxh5 40.
Kf3 Nd4+ 41. Ke4 Kg6 42. Kd5 Nf3 43. b4 axb4 44. a5 b3 45. a6 b2 46. a7 b1=Q
47. a8=Q Qd3+ 48. Kc6 Ne5+ 49. Kc7 Qd7+ 0-1

[Event "Omnium de Montreal"]
[Site "Montreal CAN"]
[Date "2003.08.30"]
[Round "3"]
[White "McDonough, Jonathan"]
[Black "Ouellet-Leveille, Clement"]
[Result "1-0"]
[WhiteElo "2118"]
[BlackElo "1891"]
[PlyCount "47"]
[EventDate "2003.08.29"]
[EventType "swiss"]
[EventRounds "5"]
[EventCountry "CAN"]

1. d4 Nf6 2. c4 e6 3. Nf3 Bb4+ 4. Nbd2 c5 5. a3 Bxd2+ 6. Bxd2 cxd4 7. Nxd4 Qb6
8. Nb5 a6 9. Be3 Qc6 10. Nd6+ Ke7 11. c5 b5 12. Qd4 Qd5 13. Qc3 Nc6 14. f4 Rg8
15. Rd1 Qh5 16. g3 Nd5 17. Qd2 g5 18. Bg2 gxf4 19. Bxf4 Nxf4 20. Qxf4 Rg4 21.
Nxc8+ Rxc8 22. Qd6+ Kf6 23. Qxd7 Rd8 24. O-O+ 1-0

[Event "Omnium de Montreal"]
[Site "Montreal CAN"]
[Date "2003.08.31"]
[Round "5"]
[White "Khassanov, Marat"]
[Black "Bolduc, Steve"]
[Result "0-1"]
[WhiteElo "2362"]
[BlackElo "2260"]
[PlyCount "32"]
[EventDate "2003.08.29"]
[EventType "swiss"]
[EventRounds "5"]
[EventCountry "CAN"]

1. d4 d5 2. Nf3 Nf6 3. c4 dxc4 4. Nc3 a6 5. e4 b5 6. e5 Nd5 7. a4 Bb7 8. axb5
Nxc3 9. bxc3 axb5 10. Rxa8 Bxa8 11. e6 f6 12. Bf4 Bd5 13. Qb1 c6 14. Qa2 g5 15.
Qe2 gxf4 16. Nh4 Qa5 0-1

[Event "Omnium de Montreal"]
[Site "Montreal CAN"]
[Date "2003.08.31"]
[Round "5"]
[White "Malek, Omid"]
[Black "Cloutier, Mathieu"]
[Result "0-1"]
[WhiteElo "1909"]
[BlackElo "1831"]
[PlyCount "50"]
[EventDate "2003.08.29"]
[EventType "swiss"]
[EventRounds "5"]
[EventCountry "CAN"]

1. e4 c5 2. Nf3 d6 3. d4 cxd4 4. Nxd4 Nf6 5. Nc3 a6 6. f3 e5 7. Nb3 Be6 8. Be3
Nc6 9. g4 h6 10. Qe2 Qc7 11. O-O-O Nb4 12. Kb1 d5 13. exd5 Nfxd5 14. Bd2 O-O-O
15. Bg2 Be7 16. Rc1 Nxc3+ 17. Bxc3 Nc6 18. h4 Bb4 19. Be1 Bxe1 20. Rhxe1 Kb8
21. c4 Nb4 22. Rc3 Rhe8 23. a3 Nc6 24. Nc5 Nd4 25. Qxe5 Bf5+ 0-1

[Event "One Game a Month-1"]
[Site "Winnipeg CAN"]
[Date "2003.09.21"]
[Round "1"]
[White "Gibbons, Lorne"]
[Black "Vincent, Trevor"]
[Result "0-1"]
[WhiteElo "1315"]
[BlackElo "2052"]
[PlyCount "23"]
[EventDate "2003.09.21"]
[EventType "swiss"]
[EventRounds "4"]
[EventCountry "CAN"]

1. d4 Nf6 2. c4 e5 3. d5 Bc5 4. e3 d6 5. Bd2 O-O 6. b4 Bb6 7. f3 c6 8. e4 cxd5
9. cxd5 Nxe4 10. Qe2 Qh4+ 11. g3 Nxg3 12. Be3 0-1

[Event "One Game a Month-1"]
[Site "Winnipeg CAN"]
[Date "2003.09.21"]
[Round "1"]
[White "Melamedoff, Gustavo"]
[Black "Pottinger, Carl"]
[Result "1-0"]
[WhiteElo "2207"]
[BlackElo "1588"]
[PlyCount "45"]
[EventDate "2003.09.21"]
[EventType "swiss"]
[EventRounds "4"]
[EventCountry "CAN"]

1. e4 c5 2. Nf3 Nc6 3. Nc3 g6 4. Bb5 Bg7 5. O-O d6 6. Bxc6+ bxc6 7. d3 Nh6 8.
Bg5 Ng4 9. h3 Ne5 10. Nxe5 Bxe5 11. Bh6 Rb8 12. Rb1 Be6 13. Qd2 Qa5 14. f4 Bd4+
15. Kh2 Bxa2 16. b4 Qa3 17. Nxa2 Qxa2 18. Qe1 Qxc2 19. bxc5 Rxb1 20. Qxb1 Qxb1
21. Rxb1 dxc5 22. Rb7 f6 23. Rb8+ 1-0

[Event "One Game a Month-1"]
[Site "Winnipeg CAN"]
[Date "2003.10.05"]
[Round "2"]
[White "Hogeveen Rutter, Alexander"]
[Black "Melamedoff, Gustavo"]
[Result "0-1"]
[WhiteElo "1698"]
[BlackElo "2097"]
[PlyCount "44"]
[EventDate "2003.09.21"]
[EventType "swiss"]
[EventRounds "4"]
[EventCountry "CAN"]

1. e4 c5 2. Nf3 e6 3. d4 cxd4 4. Nxd4 Nc6 5. Nc3 d6 6. Bc4 Nf6 7. O-O a6 8. Be3
Bd7 9. f3 Be7 10. Qd2 Qc7 11. Bb3 O-O 12. Rad1 Ne5 13. Qe2 Rac8 14. f4 Nc4 15.
Bc1 e5 16. Nf5 Bxf5 17. exf5 Rfe8 18. Rde1 d5 19. fxe5 Bc5+ 20. Kh1 Rxe5 21.
Qd3 Rxe1 22. Rxe1 Ng4 0-1

[Event "One Game a Month-1"]
[Site "Winnipeg CAN"]
[Date "2003.10.05"]
[Round "2"]
[White "Podmoroff, Yuri"]
[Black "Zaczek, Jonathan"]
[Result "0-1"]
[WhiteElo "601"]
[BlackElo "1696"]
[PlyCount "70"]
[EventDate "2003.09.21"]
[EventType "swiss"]
[EventRounds "4"]
[EventCountry "CAN"]

1. e4 c5 2. Nf3 d6 3. Nc3 Nf6 4. a3 Nc6 5. Bc4 e6 6. d3 Be7 7. Be3 d5 8. Ba2 d4
9. Bg5 dxc3 10. Bxf6 Bxf6 11. b3 O-O 12. O-O b5 13. Qe2 Nd4 14. Nxd4 cxd4 15.
Rfe1 e5 16. Rad1 a5 17. b4 axb4 18. Bd5 Rxa3 19. Bc6 Bd7 20. Bd5 Be6 21. Bc6
Qb6 22. Bd5 b3 23. cxb3 Bxd5 24. b4 Be6 25. Qc2 Ra2 26. Qc1 Rfa8 27. Kf1 h6 28.
Re2 Bg5 29. Rxa2 Rxa2 30. Rd2 Bxd2 31. Qd1 Qa7 32. Qh5 c2 33. h4 c1=Q+ 34. Ke2
Bg5+ 35. Kf3 Qf4# 0-1

[Event "One Game a Month-1"]
[Site "Winnipeg CAN"]
[Date "2003.10.05"]
[Round "2"]
[White "Vincent, Trevor"]
[Black "Rutter, Blair"]
[Result "1-0"]
[WhiteElo "2101"]
[BlackElo "1708"]
[PlyCount "49"]
[EventDate "2003.09.21"]
[EventType "swiss"]
[EventRounds "4"]
[EventCountry "CAN"]

1. c4 e5 2. g3 f5 3. Bg2 Nf6 4. d4 exd4 5. Qxd4 Be7 6. Nh3 O-O 7. Nc3 d6 8. O-O
Nbd7 9. b3 Nc5 10. Bb2 c6 11. Nf4 Ng4 12. Ncd5 Nf6 13. Nxe7+ Qxe7 14. Rad1 Rd8
15. Ba3 Be6 16. Bxc5 dxc5 17. Qe5 Re8 18. e3 g6 19. Rd6 Qf7 20. Rxe6 Nd7 21.
Rxe8+ Rxe8 22. Qc7 Re7 23. Qxb7 Ne5 24. Qb8+ Re8 25. Qd6 1-0

[Event "One Game a Month-1"]
[Site "Winnipeg CAN"]
[Date "2003.11.02"]
[Round "3"]
[White "Podmoroff, Yuri"]
[Black "Nash, Jordan"]
[Result "0-1"]
[WhiteElo "601"]
[BlackElo "1613"]
[PlyCount "80"]
[EventDate "2003.09.21"]
[EventType "swiss"]
[EventRounds "4"]
[EventCountry "CAN"]

1. e4 c5 2. Nf3 d6 3. b3 Nf6 4. Nc3 g6 5. Bb2 Bg7 6. Ng5 h6 7. Nf3 Nxe4 8. Rb1
Nxc3 9. Bxc3 Bxc3 10. dxc3 Qa5 11. Bc4 Qxc3+ 12. Nd2 Bf5 13. Rc1 Nc6 14. O-O
Nd4 15. Re1 b5 16. Re3 Qa5 17. Bd5 Rc8 18. c3 Nc6 19. Qe1 e5 20. Ra1 Ne7 21.
Bf3 O-O 22. Qc1 Rcd8 23. c4 Be6 24. Be2 Nf5 25. Rc3 b4 26. Rc2 Nd4 27. Kf1 Nxc2
28. Qxc2 d5 29. Qc1 Kg7 30. a3 dxc4 31. Bxc4 bxa3 32. Bxe6 Rxd2 33. Rxa3 Rd1+
34. Qxd1 Qxa3 35. g3 fxe6 36. Qd7+ Rf7 37. Qxe6 Qb2 38. Kg2 Rxf2+ 39. Kh3 Rxh2+
40. Kg4 Qe2# 0-1

[Event "One Game a Month-1"]
[Site "Winnipeg CAN"]
[Date "2003.11.02"]
[Round "3"]
[White "Rutter, Blair"]
[Black "Pottinger, Carl"]
[Result "0-1"]
[WhiteElo "1720"]
[BlackElo "1602"]
[PlyCount "68"]
[EventDate "2003.09.21"]
[EventType "swiss"]
[EventRounds "4"]
[EventCountry "CAN"]

1. d4 Nf6 2. c4 e6 3. a3 d5 4. Nc3 c6 5. c5 b5 6. Bd2 Bb7 7. Nf3 g6 8. Qc2 Bg7
9. e3 O-O 10. Bd3 Re8 11. Ne5 Nfd7 12. f4 f5 13. O-O-O a5 14. Na2 Nxe5 15. fxe5
b4 16. a4 Ba6 17. b3 Bxd3 18. Qxd3 Na6 19. Rdg1 Bxe5 20. dxe5 Nxc5 21. Qc2 Ne4
22. Rf1 c5 23. Kd1 c4 24. Nc1 Rc8 25. Ne2 Qc7 26. g4 Qxe5 27. gxf5 exf5 28.
Rhg1 cxb3 29. Qxb3 Rc4 30. Nd4 Nxd2 31. Kxd2 Rc3 32. Nxf5 Rxb3 33. Nh6+ Kg7 34.
Nf5+ Kh8 0-1

[Event "One Game a Month-1"]
[Site "Winnipeg CAN"]
[Date "2003.11.30"]
[Round "4"]
[White "Rutter, Blair"]
[Black "Podmoroff, Yuri"]
[Result "1-0"]
[WhiteElo "1692"]
[BlackElo "601"]
[PlyCount "79"]
[EventDate "2003.09.21"]
[EventType "swiss"]
[EventRounds "4"]
[EventCountry "CAN"]

1. c4 e5 2. g3 Nf6 3. Bg2 Nc6 4. d3 Bc5 5. Nc3 O-O 6. Nf3 d6 7. O-O Be6 8. a3
a6 9. b4 Ba7 10. Qc2 Rb8 11. Rb1 b5 12. cxb5 Nd4 13. Nxd4 exd4 14. Ne4 Nxe4 15.
Bxe4 axb5 16. Bf4 Rc8 17. Rfc1 Bb6 18. Bc6 Qf6 19. Bxb5 Bd5 20. Bc6 Be6 21. Rb2
g5 22. Bd2 Bg4 23. f3 Be6 24. Rf1 d5 25. Qb3 Rcd8 26. Rc2 Rd6 27. Rf2 Rfd8 28.
b5 Qg6 29. Bb4 h5 30. Bxd6 Rxd6 31. a4 Ba5 32. Qb1 Bh3 33. Bb7 h4 34. g4 f5 35.
Rc6 Bd2 36. Rxc7 Be3 37. Qb3 fxg4 38. Bxd5+ Kh8 39. Be4 Qf6 40. Rh7# 1-0

[Event "One Game a Month-1"]
[Site "Winnipeg CAN"]
[Date "2003.11.30"]
[Round "4"]
[White "Vincent, Trevor"]
[Black "Pottinger, Carl"]
[Result "1-0"]
[WhiteElo "2094"]
[BlackElo "1602"]
[PlyCount "35"]
[EventDate "2003.09.21"]
[EventType "swiss"]
[EventRounds "4"]
[EventCountry "CAN"]

1. c4 Nf6 2. g3 g6 3. Bg2 Bg7 4. Nc3 O-O 5. d3 d6 6. e4 e5 7. Nge2 Be6 8. O-O
Nh5 9. f4 f5 10. exf5 c6 11. fxe6 Qe7 12. d4 exd4 13. Nxd4 c5 14. Nd5 Bxd4+ 15.
Qxd4 Qxe6 16. Qc3 Qd7 17. Bf3 Ng7 18. Nf6+ 1-0

[Event "One Game a Month-1"]
[Site "Winnipeg CAN"]
[Date "2003.11.30"]
[Round "4"]
[White "Zaczek, Jonathan"]
[Black "Melamedoff, Gustavo"]
[Result "1/2-1/2"]
[WhiteElo "1753"]
[BlackElo "2097"]
[PlyCount "51"]
[EventDate "2003.09.21"]
[EventType "swiss"]
[EventRounds "4"]
[EventCountry "CAN"]

1. e4 Nf6 2. e5 Nd5 3. d4 d6 4. Nf3 Bg4 5. exd6 exd6 6. Be2 Be7 7. O-O O-O 8.
c4 Nf6 9. b3 d5 10. Re1 Nc6 11. Ne5 Bxe2 12. Rxe2 dxc4 13. Nxc6 bxc6 14. bxc4
c5 15. Rd2 Ne4 16. Re2 Nf6 17. Be3 cxd4 18. Qxd4 Qxd4 19. Bxd4 Rad8 20. Bc3
Rd1+ 21. Re1 Rxe1+ 22. Bxe1 Ne4 23. Nc3 Bf6 24. Rc1 Nxc3 25. Bxc3 Bxc3 26. Rxc3
1/2-1/2

[Event "One Game a Month-2"]
[Site "Winnipeg CAN"]
[Date "2003.05.25"]
[Round "3"]
[White "Babb, Jeff"]
[Black "Charles, Alice"]
[Result "1-0"]
[WhiteElo "2150"]
[BlackElo "1036"]
[PlyCount "51"]
[EventDate "2003.09.21"]
[EventType "swiss"]
[EventRounds "4"]
[EventCountry "CAN"]

1. e4 e5 2. Nc3 Nf6 3. f4 exf4 4. e5 Bb4 5. exf6 Qxf6 6. Nf3 d6 7. Nd5 Qe6+ 8.
Qe2 Na6 9. Nxf4 Qxe2+ 10. Bxe2 Nc5 11. a3 Bg4 12. axb4 Na6 13. Bxa6 bxa6 14.
Rxa6 O-O 15. Kf2 Rfe8 16. Nd5 Rac8 17. Rxa7 c6 18. Ne7+ Kf8 19. Nxc8 Rxc8 20.
Re1 g6 21. Ree7 Be6 22. Ng5 Bc4 23. d3 Ba2 24. c4 Kg7 25. Rxf7+ Kh6 26. Rxh7#
1-0

[Event "One Game a Month-2"]
[Site "Winnipeg CAN"]
[Date "2003.05.25"]
[Round "3"]
[White "Bist, Kent"]
[Black "Anderson, George"]
[Result "0-1"]
[WhiteElo "1669"]
[BlackElo "1553"]
[PlyCount "82"]
[EventDate "2003.09.21"]
[EventType "swiss"]
[EventRounds "4"]
[EventCountry "CAN"]

1. c4 c6 2. c5 e5 3. Nc3 Bxc5 4. d3 Nf6 5. g3 Qb6 6. e3 d5 7. Nge2 O-O 8. Bg2
Be6 9. O-O Nbd7 10. Na4 Qc7 11. Nxc5 Nxc5 12. b4 Ncd7 13. Bb2 Rad8 14. Qc2 Qb6
15. a3 Bg4 16. d4 e4 17. Nc3 a6 18. Rae1 Qc7 19. f3 exf3 20. Bxf3 Rde8 21. Bg2
Bh5 22. Rf4 Bg6 23. Qf2 Nh5 24. Rh4 f5 25. Ne2 Ndf6 26. Nf4 Nxf4 27. gxf4 Ne4
28. Bxe4 fxe4 29. Kh1 Rf5 30. Rg1 Bh5 31. Rxh5 Rxh5 32. Qg3 Re6 33. Qg4 Reh6
34. Bc3 a5 35. Qe2 Qf7 36. Be1 Rh3 37. Bg3 Qh5 38. Qxh5 R6xh5 39. Kg2 Rf5 40.
Kf1 h5 41. Be1 Rxe3 0-1

[Event "One Game a Month-2"]
[Site "Winnipeg CAN"]
[Date "2003.05.25"]
[Round "3"]
[White "Kohalmi, Andy"]
[Black "Gibbons, Lorne"]
[Result "1-0"]
[WhiteElo "1461"]
[BlackElo "1344"]
[PlyCount "34"]
[EventDate "2003.09.21"]
[EventType "swiss"]
[EventRounds "4"]
[EventCountry "CAN"]

1. e4 e5 2. Nf3 c6 3. d4 exd4 4. Qxd4 Qe7 5. Bd3 d5 6. O-O Be6 7. Re1 c5 8.
Qa4+ Qd7 9. Qxd7+ Kxd7 10. exd5 Bxd5 11. c4 Be6 12. Ne5+ Ke7 13. Be4 Nc6 14.
Nxc6+ bxc6 15. Bxc6 Rc8 16. Bd5 Nf6 17. Nc3 Kd6 1-0

[Event "One Game a Month-2"]
[Site "Winnipeg CAN"]
[Date "2003.05.25"]
[Round "3"]
[White "Shome, Devarshi"]
[Black "Taylor, Jasper"]
[Result "1-0"]
[WhiteElo "1624"]
[BlackElo "1440"]
[PlyCount "57"]
[EventDate "2003.09.21"]
[EventType "swiss"]
[EventRounds "4"]
[EventCountry "CAN"]

1. e4 c6 2. d4 d5 3. Nc3 dxe4 4. Nxe4 Bf5 5. Ng3 Bg6 6. Bc4 Nf6 7. N1e2 Nbd7 8.
Nf4 Be4 9. O-O Bd5 10. Nxd5 cxd5 11. Bd3 e6 12. Re1 Bd6 13. Nf5 Be7 14. Ne3 g6
15. c3 O-O 16. Ng4 Nxg4 17. Qxg4 Re8 18. Bb5 a6 19. Bxd7 Qxd7 20. h4 Bf8 21. h5
Bd6 22. hxg6 hxg6 23. Bg5 Be7 24. Bh6 Bf8 25. Bd2 Bd6 26. Re3 Kf8 27. Rf3 Be7
28. Qxg6 f5 29. Bh6# 1-0

[Event "One Game a Month-2"]
[Site "Winnipeg CAN"]
[Date "2003.06.08"]
[Round "4"]
[White "Anderson, George"]
[Black "Shome, Devarshi"]
[Result "0-1"]
[WhiteElo "1553"]
[BlackElo "1624"]
[PlyCount "55"]
[EventDate "2003.09.21"]
[EventType "swiss"]
[EventRounds "4"]
[EventCountry "CAN"]

1. b4 e5 2. Bb2 Bxb4 3. Bxe5 Nf6 4. Nc3 Nc6 5. Bg3 Bxc3 6. dxc3 d6 7. Rb1 Ne4
8. Qd3 Nxg3 9. Qxg3 O-O 10. e3 b6 11. Bd3 Bb7 12. Nf3 Qf6 13. O-O Qxc3 14.
Bxh7+ Kxh7 15. Ng5+ Kg8 16. Qh4 Rfe8 17. e4 Qf6 18. f4 Qh6 19. Qg4 f6 20. Ne6
Bc8 21. f5 Ne5 22. Qd1 Bxe6 23. fxe6 Rxe6 24. Qd5 Rae8 25. Qb7 Qe3+ 26. Kh1 Ng4
27. Qxa7 Nf2+ 28. Rxf2 0-1

[Event "One Game a Month-2"]
[Site "Winnipeg CAN"]
[Date "2003.06.08"]
[Round "4"]
[White "Kohalmi, Andy"]
[Black "Taylor, Evan"]
[Result "1-0"]
[WhiteElo "1461"]
[BlackElo "1402"]
[PlyCount "61"]
[EventDate "2003.09.21"]
[EventType "swiss"]
[EventRounds "4"]
[EventCountry "CAN"]

1. d4 Nf6 2. c4 e6 3. Nf3 d5 4. e3 dxc4 5. Bxc4 Nbd7 6. O-O Be7 7. Nc3 O-O 8.
e4 a6 9. a4 c6 10. Re1 Qa5 11. Bd2 Qc7 12. e5 Nd5 13. Ne4 Qb6 14. Qb1 Qd8 15.
Neg5 f5 16. Nxe6 Qe8 17. Bxd5 cxd5 18. Nc7 Qh5 19. Nxa8 g5 20. Kh1 Kh8 21. Qa2
Rg8 22. Qxd5 g4 23. Ng1 Bh4 24. g3 Bg5 25. Bxg5 Qxg5 26. Nc7 Qd2 27. Re2 Qg5
28. e6 Nf6 29. Qe5 Bxe6 30. Nxe6 Qh5 31. Qxf6+ 1-0

[Event "One Game a Month-2"]
[Site "Winnipeg CAN"]
[Date "2003.06.08"]
[Round "4"]
[White "Vincent, Trevor"]
[Black "Lauritson, Jim"]
[Result "1-0"]
[WhiteElo "1996"]
[BlackElo "1895"]
[PlyCount "69"]
[EventDate "2003.09.21"]
[EventType "swiss"]
[EventRounds "4"]
[EventCountry "CAN"]

1. c4 Nf6 2. g3 c5 3. Bg2 Nc6 4. Nc3 g6 5. a3 Bg7 6. Rb1 O-O 7. b4 d6 8. e3 Bf5
9. d3 Ng4 10. Nge2 Nge5 11. e4 Bg4 12. O-O Nd4 13. h3 Nef3+ 14. Kh1 Bd7 15.
Nxd4 Nxd4 16. Ne2 Qc8 17. Nxd4 Bxd4 18. Kh2 f5 19. Qe2 fxe4 20. Qxe4 Rf7 21. b5
Bf5 22. Qe2 Rb8 23. g4 Bd7 24. f4 b6 25. Bb2 Bxb2 26. Rxb2 e6 27. Qe3 Qf8 28.
Rbf2 Qg7 29. f5 gxf5 30. gxf5 Rxf5 31. Be4 Qe5+ 32. Kh1 Rbf8 33. Qh6 Bc8 34.
Rxf5 Rxf5 35. Rxf5 1-0

[Event "Ontario University Tch"]
[Site "London CAN"]
[Date "2003.01.11"]
[Round "3"]
[White "Ng, Kit-Sun"]
[Black "Peredun, Andrew"]
[Result "0-1"]
[WhiteElo "2162"]
[BlackElo "2266"]
[PlyCount "58"]
[EventDate "2003.01.10"]
[EventType "team"]
[EventRounds "5"]
[EventCountry "CAN"]
[Source "CFC"]
[SourceDate "2003.06.??"]

1. d4 Nf6 2. c4 g6 3. Nc3 Bg7 4. e4 d6 5. Nf3 O-O 6. Be2 e5 7. O-O exd4 8. Nxd4
Re8 9. f3 Nc6 10. Be3 Nh5 11. Qd2 f5 12. Nxc6 bxc6 13. Bg5 Qd7 14. Rfe1 Qf7 15.
exf5 gxf5 16. f4 Rb8 17. Rad1 Bd7 18. b3 h6 19. Bh4 Nxf4 20. Bf3 Ne6 21. Bf2 a5
22. Ne2 a4 23. Ng3 Rf8 24. Qc2 axb3 25. axb3 Qf6 26. Rd2 Qc3 27. Re3 Qxc2 28.
Rxc2 f4 29. Rxe6 fxg3 0-1

[Event "Ontario University Tch"]
[Site "London CAN"]
[Date "2003.01.11"]
[Round "3"]
[White "Raheb, David"]
[Black "Pechenkin, Vladimir"]
[Result "0-1"]
[WhiteElo "2231"]
[BlackElo "2248"]
[PlyCount "86"]
[EventDate "2003.01.10"]
[EventType "team"]
[EventRounds "5"]
[EventCountry "CAN"]
[Source "CFC"]
[SourceDate "2003.06.??"]

1. e4 d5 2. exd5 Nf6 3. Nf3 Nxd5 4. Be2 g6 5. O-O Bg7 6. d4 O-O 7. c4 Nb6 8. h3
Nc6 9. d5 Ne5 10. Nxe5 Bxe5 11. Nc3 e6 12. Re1 exd5 13. Nxd5 Nxd5 14. cxd5 Qf6
15. Bf3 Bd7 16. Qb3 a5 17. Bd2 a4 18. Qb4 Bxb2 19. Rab1 a3 20. Bc1 Bc3 21. Qf4
Qxf4 22. Bxf4 Bxe1 23. Rxe1 Rfe8 24. Rb1 b5 25. Bxc7 Ra4 26. Bd6 Rc8 27. Bd1
Rd4 28. Bb3 b4 29. Re1 Bb5 30. Re7 Bc4 31. Be5 Rxd5 32. Bxc4 Rxe5 33. Rxe5 Rxc4
34. Rb5 Rc1+ 35. Kh2 Rc2 36. Rxb4 Rxf2 37. Rb3 Rxa2 38. Kg3 Kg7 39. Kf3 h5 40.
g4 hxg4+ 41. hxg4 Kf6 42. Ke3 Ke6 43. Kd3 Rg2 0-1

[Event "Ontario op"]
[Site "Kingston CAN"]
[Date "2003.05.17"]
[Round "1"]
[White "McKay, Geoff"]
[Black "Bokhout, Peter"]
[Result "1-0"]
[WhiteElo "2033"]
[BlackElo "2084"]
[PlyCount "57"]
[EventDate "2003.05.17"]
[EventType "swiss"]
[EventRounds "6"]
[EventCountry "CAN"]

1. e4 c5 2. Nf3 Nc6 3. d4 cxd4 4. Nxd4 Nf6 5. Nc3 e5 6. Ndb5 d6 7. Bg5 a6 8.
Na3 b5 9. Nd5 Be7 10. Bxf6 gxf6 11. c3 f5 12. Bd3 Be6 13. Nc2 Rg8 14. Qh5 Rxg2
15. Nce3 Rg5 16. Qxh7 f4 17. h4 Rg6 18. Nf5 Rb8 19. h5 Rg5 20. Nfxe7 Nxe7 21.
Nf6+ Kf8 22. Qh6+ Rg7 23. Rg1 Ng6 24. Nh7+ Kg8 25. hxg6 f6 26. Qh4 Qc8 27.
Nxf6+ Kf8 28. Qh8+ Bg8 29. Nh7+ 1-0

[Event "Ontario op"]
[Site "Kingston CAN"]
[Date "2003.05.17"]
[Round "1"]
[White "Patterson, Roger"]
[Black "Brice, Ron"]
[Result "1-0"]
[WhiteElo "2200"]
[BlackElo "2099"]
[PlyCount "69"]
[EventDate "2003.05.17"]
[EventType "swiss"]
[EventRounds "6"]
[EventCountry "CAN"]

1. e4 c5 2. Nf3 d6 3. d4 cxd4 4. Nxd4 Nf6 5. Nc3 a6 6. Be3 e5 7. Nb3 Be6 8. Qd2
Nbd7 9. f3 b5 10. g4 Nb6 11. g5 Nfd7 12. Nd5 Rc8 13. c3 Bxd5 14. exd5 Nc4 15.
Qf2 Be7 16. h4 Ndb6 17. Rd1 Nxe3 18. Qxe3 Nc4 19. Qf2 Qc7 20. Bd3 Bd8 21. Qe2
Qe7 22. Bxc4 Rxc4 23. Nd2 Ra4 24. Ne4 Rxa2 25. Rh2 Ra4 26. b3 Ra5 27. f4 exf4
28. Nxd6+ Kd7 29. Qxe7+ Bxe7 30. Nxf7 Rf8 31. Ne5+ Kd6 32. Nc6 Ra3 33. Re2 Bd8
34. Re6+ Kc5 35. Nxd8 1-0